000 00540nam a22001817a 4500
999 _c187648
_d187648
005 20220427113608.0
010 _aENG-132408
020 _a9789382749165
_c200.00
035 _aEN-115940
037 _bDBAD/PUB
082 _a881
100 _aAad, Hanane
245 _aWho will buy me certainty/
_cHanane Aad
260 _aMumbai
_bPoetrywala
_c2015
270 _aD1201, Octacrest, Lokhandwala Township Kandivali (East)
_bMumbai
_e400101
_minfo@paperwall.in
300 _a62p.
_c22cm(pbk)
942 _2ddc
_cEN
_h881
_mAAD